000
00261nam a22001217a 4500
008
180920b xxu||||| |||| 00| 0 eng d
041
_a
eng
080
_a
616.35
100
_a
9
101
_a
HEM
245
_a
Hematology 2014
_c
Anderson.K.C
942
_2
udc
_c
BK
999
_c
48123
_d
48123